<?xml version="1.0" encoding="UTF-8"?>
<record
    xmlns:xsi="http://www.w3.org/2001/XMLSchema-instance"
    xsi:schemaLocation="http://www.loc.gov/MARC21/slim http://www.loc.gov/standards/marcxml/schema/MARC21slim.xsd"
    xmlns="http://www.loc.gov/MARC21/slim">

  <leader>00757nam a2200205 a 4500</leader>
  <controlfield tag="001">BRCA_2576</controlfield>
  <controlfield tag="005">20190320203855.0</controlfield>
  <controlfield tag="008">271108s1823----gw-a---###---#000-0#ger-u</controlfield>
  <datafield tag="050" ind1=" " ind2="4">
    <subfield code="a">NE1030</subfield>
    <subfield code="b">.H45 1823</subfield>
  </datafield>
  <datafield tag="100" ind1="1" ind2=" ">
    <subfield code="a">Heller, Joseph</subfield>
    <subfield code="9">7360</subfield>
  </datafield>
  <datafield tag="245" ind1="1" ind2="0">
    <subfield code="a">Geschichte der Holzschneidekunst von den altesten bis auf die neusten Zeiten, nebst zwei Beilagen, enhaltend den Ursprung der Spielkarten und ein Verzeichniss der sammtlichen xylographischen Werke</subfield>
    <subfield code="c">von Joseph Heller.</subfield>
  </datafield>
  <datafield tag="260" ind1=" " ind2=" ">
    <subfield code="a">Bamberg, Alemania</subfield>
    <subfield code="b">C. F. Kunz</subfield>
    <subfield code="c">1823</subfield>
  </datafield>
  <datafield tag="300" ind1=" " ind2=" ">
    <subfield code="a">457 p.</subfield>
    <subfield code="b">il.</subfield>
    <subfield code="c">20 cm.</subfield>
  </datafield>
  <datafield tag="500" ind1=" " ind2=" ">
    <subfield code="a">A44</subfield>
  </datafield>
  <datafield tag="650" ind1="1" ind2="4">
    <subfield code="a">Grabado en madera</subfield>
    <subfield code="v">Bibliograf&#xED;a</subfield>
    <subfield code="9">7361</subfield>
  </datafield>
  <datafield tag="650" ind1="1" ind2="4">
    <subfield code="a">Barajas</subfield>
    <subfield code="x">Historia</subfield>
    <subfield code="9">7362</subfield>
  </datafield>
  <datafield tag="650" ind1="1" ind2="4">
    <subfield code="a">Grabado en madera</subfield>
    <subfield code="x">Historia</subfield>
    <subfield code="9">7363</subfield>
  </datafield>
  <datafield tag="902" ind1=" " ind2=" ">
    <subfield code="a">GFM</subfield>
  </datafield>
  <datafield tag="942" ind1=" " ind2=" ">
    <subfield code="2">lcc</subfield>
    <subfield code="c">B</subfield>
  </datafield>
  <datafield tag="999" ind1=" " ind2=" ">
    <subfield code="c">2316</subfield>
    <subfield code="d">2316</subfield>
  </datafield>
  <datafield tag="952" ind1=" " ind2=" ">
    <subfield code="0">0</subfield>
    <subfield code="1">0</subfield>
    <subfield code="4">0</subfield>
    <subfield code="7">0</subfield>
    <subfield code="a">BRCA</subfield>
    <subfield code="b">BRCA</subfield>
    <subfield code="d">2008-11-27</subfield>
    <subfield code="i">A44</subfield>
    <subfield code="l">0</subfield>
    <subfield code="o">NE1030 .H45 1823 (A44)</subfield>
    <subfield code="p">2573</subfield>
    <subfield code="r">2019-03-22 00:00:00</subfield>
    <subfield code="w">2019-03-22</subfield>
    <subfield code="y">B</subfield>
  </datafield>
</record>
